| 000 | 00725nam a2200253Ia 4500 | ||
|---|---|---|---|
| 003 | OSt | ||
| 005 | 20220918200337.0 | ||
| 006 | a|||||r|||| 00| 0 | ||
| 007 | ta | ||
| 008 | 220917b |||||||| |||| 00| 0 eng d | ||
| 024 | _a88,391 | ||
| 037 | _cTextual | ||
| 040 |
_aARTS _cARTS _beng |
||
| 041 |
_2eng _aeng |
||
| 082 | _aT5.3.N7, L4 | ||
| 100 |
_aRogers Rex S. Ed _993648 |
||
| 245 | 0 |
_aSex education _b Rationale and reaction |
|
| 260 |
_aCambridge _bCambridge University Press _c1974 |
||
| 300 |
_a283p. _ccm. |
||
| 500 | _aAppendix Statistics for non-statisticans p275--276 | ||
| 650 |
_aSEX EDUCATION _993649 |
||
| 942 |
_hT5.3.N7, L4 _cTEXL _2CC |
||
| 999 |
_c212079 _d212079 |
||